000 00427nam a2200145Ia 4500
008 100204s9999 xx 000 0 und d
082 _b16129
100 _aलोकरे उत्तम
245 _aपाउलखुणा
260 _b"शलाका प्रकाशन , मुंबई"
_c1989
300 _a44
630 _aपाउलखुणा
730 _aपाउलखुणा
942 _cBOOK
999 _c460552
_d460549